Portugal e o mar da China no séc. XVI (Registo nº 4083)

Detalhes MARC
000 -Etiqueta do registo
Cabeçalho 01154cam a2200289 4500
005 - Identificador da versão
Campo de controlo 20240813122052.0
095 ## -
-- PTBN00851800
010 ## - Número internacional normalizado dos livros (ISBN)
Número (ISBN) 9722708384
021 ## - Número do Depósito Legal
Código do país PT
Número 104486/96
100 ## - Dados gerais de processamento
Dados gerais de processamento 19970129d1996 m y0pory5003 ba
102 ## - Pais de publicação ou produção
País de publicação Portugal
101 0# - Língua de publicação
Língua do texto, banda sonora, etc. Português
-- Inglês
106 ## - Campo de dados codificados: material textual
Dados codificados do material textual r
105 ## - Campo de dados codificados: livros
Dados codificados dos livros af z 001yy
215 ## - Descrição física 
Indicação específica da natureza do documento e extensão da espécie 198, [6] p., [60] p. il.
Outras indicações físicas il.
Dimensões 21 cm
200 1# - Titulo e menção de responsabilidade
Título próprio Portugal e o mar da China no séc. XVI
Informação de outro título aspectos da presença lusa na Ásia Oriental no século XVI
Título paralelo Portugal and the China sea in the 16th century
Informação de outro título aspects of the Portuguese presence in the Far East in the 16th century
Primeira menção de responsabilidade Maria da Conceição Flores, João Paulo Oliveira e Costa
Outras menções de responsabilidade trad. Reginald Albert Brown
210 ## - Publicação, Distribuição, etc. 
Lugar da edição, distribuição, etc. [Lisboa]
Nome do editor, distribuidor, etc. Impr. Nac.-Casa da Moeda
Data da publicação, distribuição, etc. 1996
510 1# - Título paralelo
Título paralelo Portugal and the China sea in the 16th century
606 ## - Nome comum usado como assunto
Número de registo de entrada de autoridade 0000641
Palavra de ordem Portugueses
Subdivisão geográfica Ásia (Este)
Subdivisão cronológica Séc. 16
Código do sistema SIPOR
675 ## - Classificação Decimal Universal (CDU)
Notação 316.3(=1.469)(5-11)"15"
Edição BN
Língua da edição por
701 #1 - Nome de autor-pessoa física (co-responsabilidade principal)
Palavra de ordem Costa
Outra parte do nome não tomada para palavra de ordem João Paulo Oliveira e
Datas 1962-
Código de função Autor / Co-autor
700 #1 - Nome de autor-pessoa física (responsabilidade principal)
Número de registo de entrada de autoridade 0000643
Palavra de ordem Flores
Outra parte do nome não tomada para palavra de ordem Maria da Conceição Ferreira
942 ## - Elementos de entrada adicionados (Koha)
Tipo de item no Koha Livro
Exemplares
Situação do levantamento Origin of item (home branch) (coded) Biblioteca de empréstimo Código de barras Cota Circulation type (not for loan) Tipo de documento Nota do exemplar Damaged status
  Biblioteca Escolar das Vendas Biblioteca Escolar das Vendas BEV934 9PT FLO   Livro Sem mensagem